00353nam a2200109Ia 4500008004100000041000800041082002500049100002000074245008700094260005200181300001000233230411s9999 xx 000 0 und d aeng aPS/616.89/SAD/B03163 aSadock Benjamin aKaplan and Sadocks Synopsis of Psychiatry : Behavioral science clinical psychiatry bLippincott Williams WilkinsaPhiladelphiac1998 a1460p